Números y figuras 5 : area matemática, quinto nivel.

Gespeichert in:
Bibliographische Detailangaben
Hauptverfasser: Pérez Gómez de Tejada, José María (VerfasserIn), Fernández Sucasas, Josefina (VerfasserIn)
Format: Buch
Sprache:Spanisch
Erschienen: León Everest 1972
Katalog:MANES:  Suchergebnis im Bibliothekskatalog
Schulbuchspezifische Eigenschaften:
Tags: Tag hinzufügen
Keine Tags, Fügen Sie den ersten Tag hinzu!
Hinzugefügt zu:20.05.2019
Geändert in:07.05.2025

MARC

LEADER 00000nam a2200000Ia 4500
003 aOSt
005 20250507133413.0
008 190521s9999 esp 000 0 spa d
561 |5 es-CICE  |3 FMa/M187  |a España. Centro Internacional de la Cultura Escolar  |k MANES 
999 |c 104613  |d 104613 
040 |c Centro_internacional de la cultura escolar  |a centro_manes 
080 |a 372.851 
100 |a Pérez Gómez de Tejada, José María  |9 35370  |e Autor 
245 1 1 |a Números y figuras 5 : area matemática, quinto nivel. 
255 |a 2ª ed 
260 |a León   |b Everest  |c 1972 
300 |a 137 p.   |c 24 x 17 cm. 
500 |a Contiene ilustraciones a color y ejercicios para el alumno 
546 |a España 
690 0 |a MATE 
700 |9 35371  |a Fernández Sucasas, Josefina  |e Autora 
942 |c BK  |2 ddc 
999 |c manes:104613  |d 104613